000 00648nam a2200241Ia 4500
003 OSt
005 20220918174553.0
006 a|||||r|||| 00| 0
007 ta
008 220917b |||||||| |||| 00| 0 eng d
024 _a12,878
037 _cTextual
040 _aARTS
_cARTS
_beng
041 _2eng
_aeng
082 _a/\7, L3
100 _aAngha Maghooud Sadegh
_950933
245 0 _aMystery of humanity
_b Tranquillity and survival
260 _aTehran
_bAmin Book Shop
_c1973
300 _aq+xxxi,63p.
_ccm.
650 _aSPIRITUALISM
942 _h/\7, L3
_cTEXL
_2CC
999 _c153715
_d153715